mPPACT manifest : methodology for a pupil and performing arts-centred teaching
Αποθηκεύτηκε σε:
| Συγγραφή απο Οργανισμό/Αρχή: | |
|---|---|
| Άλλοι συγγραφείς: | |
| Μορφή: | Βιβλίο |
| Γλώσσα: | English |
| Δημοσίευση: |
Bedford [Bedfordshire] :
Authors on line Ltd,
c2009.
|
| Θέματα: | |
| Ετικέτες: |
Προσθήκη ετικέτας
Δεν υπάρχουν, Καταχωρήστε ετικέτα πρώτοι!
|
MARC
| LEADER | 00000nam a2200000 a 4500 | ||
|---|---|---|---|
| 001 | 1/115511 | ||
| 008 | 171128s2009####uk | ||| |||| ||eng|| | ||
| 020 | |a 9780755204878 | ||
| 040 | |a GR-MyUa |b gre |c GR-MyUa |e AACR2 | ||
| 041 | 0 | |a eng | |
| 082 | 7 | |a 372.66 |2 (23) | |
| 245 | 0 | 0 | |a mPPACT manifest : |b methodology for a pupil and performing arts-centred teaching / |c Alex Mavrocordatos (editor). |
| 260 | |a Bedford [Bedfordshire] : |b Authors on line Ltd, |c c2009. | ||
| 300 | |a 163 σ. : |b ασπρόμ. εικ., ασπρόμ. φωτ. ; |c 24 εκ. | ||
| 500 | |a Περιέχει ευρετήριο. | ||
| 504 | |a Βιβλιογραφία : σ. 147-150. | ||
| 650 | 0 | |a Drama in education. | |
| 650 | 0 | |a Education |x Drama. | |
| 650 | 0 | |a Education |x Methodology. | |
| 650 | 0 | |a Education |x Study and teaching. | |
| 650 | 0 | |a Activity programs in education. | |
| 650 | 0 | |a Drama in education |z Great Britain. | |
| 650 | 0 | |a Drama in education |z Greece. | |
| 700 | 1 | |a Mavrocordatos, Alex, |e edt | |
| 710 | 1 | |a Πανελλήνιο Δίκτυο για το Θέατρο στην Εκπαίδευση, |e pro | |
| 852 | |a INST |b RHODES |e 20171128 |h 372.66 MPP |p 005400039498 |q 005400039498 |t BK |y 0 | ||
| 920 | |a Πανελλήνιο Δίκτυο για το Θέατρο στην Εκπαίδευση |y Ρόδος |z 2017-11 | ||
| 970 | |z 28-11-2017 | ||